000 00605nam a2200193Ia 4500
003 GCL
008 140319s9999 xx 000 0 ara d
040 _aGCL /
_cGCL
082 0 4 _a891.7
_bت ا
100 1 _aحلمى مراد
245 1 0 _aانا كارنينا (القصة الخالدة لتولستوى) (هدية من الاديب عبدالفتاح الجمل) /
_cحلمى مراد
700 1 _aتولستوى، ليو
300 _a272 ص
490 _aكتابى
_v0
650 0 4 _aالادب
650 0 4 _aالادب الروسى
650 0 4 _aالقصة الروسية
942 _2ddc
_cBK
999 _c40455
_d40455